Sobre el problema de la vivienda / (Record no. 9649)
[ view plain ]
| 000 -LEADER | |
|---|---|
| fixed length control field | 00828nam a22002417a 4500 |
| 007 - PHYSICAL DESCRIPTION FIXED FIELD--GENERAL INFORMATION | |
| fixed length control field | ta |
| 008 - FIXED-LENGTH DATA ELEMENTS--GENERAL INFORMATION | |
| fixed length control field | 231003b ||||| |||| 00| 0 spa d |
| 040 ## - CATALOGING SOURCE | |
| Transcribing agency | AR-FvUNAJ |
| 082 14 - DEWEY DECIMAL CLASSIFICATION NUMBER | |
| Edition number | 14 |
| Classification number | 363.5 |
| 100 1# - MAIN ENTRY--PERSONAL NAME | |
| 9 (RLIN) | 3751 |
| Personal name | Engels, Federico |
| 245 10 - TITLE STATEMENT | |
| Title | Sobre el problema de la vivienda / |
| Statement of responsibility, etc | Federico Engels. |
| 260 ## - PUBLICATION, DISTRIBUTION, ETC. (IMPRINT) | |
| Place of publication, distribution, etc | Buenos Aires : |
| Name of publisher, distributor, etc | Anteo, |
| Date of publication, distribution, etc | 1974. |
| 300 ## - PHYSICAL DESCRIPTION | |
| Extent | 134 p. |
| 440 ## - SERIES STATEMENT/ADDED ENTRY--TITLE | |
| 9 (RLIN) | 6143 |
| Title | Pequeña Biblioteca Marxista Leninista |
| 500 ## - GENERAL NOTE | |
| General note | Escrito por F.Engels entre mayo de 1872 y enero de 1873. Publicado en el periódico Der Volksstaat. |
| 650 27 - SUBJECT ADDED ENTRY--TOPICAL TERM | |
| Source of heading or term | unescot |
| 9 (RLIN) | 813 |
| Topical term or geographic name as entry element | MARXISMO |
| 650 17 - SUBJECT ADDED ENTRY--TOPICAL TERM | |
| Source of heading or term | unescot |
| 9 (RLIN) | 4325 |
| Topical term or geographic name as entry element | VIVIENDA |
| 650 27 - SUBJECT ADDED ENTRY--TOPICAL TERM | |
| Source of heading or term | unescot |
| 9 (RLIN) | 1258 |
| Topical term or geographic name as entry element | PROBLEMAS SOCIALES |
| 650 27 - SUBJECT ADDED ENTRY--TOPICAL TERM | |
| Source of heading or term | unescot |
| 9 (RLIN) | 1776 |
| Topical term or geographic name as entry element | TRABAJADORES |
| 651 #7 - SUBJECT ADDED ENTRY--GEOGRAPHIC NAME | |
| Source of heading or term | unescot |
| 9 (RLIN) | 6176 |
| Geographic name | ALEMANIA |
| 942 ## - ADDED ENTRY ELEMENTS (KOHA) | |
| Source of classification or shelving scheme | Dewey Decimal Classification |
| Item type | Libro, folleto, traducción |
| 980 ## - EQUIVALENCE OR CROSS-REFERENCE-SERIES STATEMENT--PERSONAL NAME/TITLE [LOCAL, CANADA] | |
| Linkage | 21570 |
| Personal name | Diaz Bustince |
| Field link and sequence number | 21566 |
| Miscellaneous information | Miranda Raldes |
| Withdrawn status | Lost status | Source of classification or shelving scheme | Damaged status | Not for loan | Home library | Current library | Date acquired | Source of acquisition | Full call number | Barcode | Date last seen | Copy number | Price effective from | Koha item type |
|---|---|---|---|---|---|---|---|---|---|---|---|---|---|---|
| Dewey Decimal Classification | Biblioteca Central | Biblioteca Central | 03/10/2023 | Donación | 363.5 ENG ej. 1 | UNAJ23100067 | 17/03/2025 | 1 | 03/10/2023 | Libro, folleto, traducción | ||||
| Dewey Decimal Classification | Biblioteca Central | Biblioteca Central | 25/06/2025 | 363.5 ENG ej. 2 | UNAJ25060067 | 25/06/2025 | 2 | 25/06/2025 | Libro, folleto, traducción |